| 000 | 00488 a2200169 4500 | ||
|---|---|---|---|
| 005 | 20250523111250.0 | ||
| 020 | _a978-1-292-01601-6 | ||
| 082 | _a658.72 BAI | ||
| 100 | _aBAILY, P. | ||
| 245 | _aProcurement Principles and Management. | ||
| 250 | _a12th Ed | ||
| 260 |
_aLondon, _bPearson, _c2015. |
||
| 300 |
_axvi,594p.: ill.; figure, table _bIndex _c25cm. |
||
| 700 | _aFARMER, D. [et all...] | ||
| 856 |
_yAccess Online Book _fProcurement _dwww.pearson-books.com |
||
| 942 |
_2ddc _cBKS |
||
| 999 |
_c2562 _d2562 |
||